Score 0/17 Timer 02:00
3 Plays Today
Clue 4-Letter Word % Correct
'Yours, ___ and Ours'MINE
97.3%
Opposite of evilGOOD
95%
'Put your best ____ forward'FOOT
94.8%
Pre-Easter periodLENT
94.4%
Dryer trap remnantLINT
93.3%
Hit in the headBEAN
93.2%
Without fatLEAN
92.3%
Borrowed moneyLOAN
92.2%
CrookedBENT
90.7%
Clue 4-Letter Word % Correct
SustenanceFOOD
88.8%
What Johnny Cash walksLINE
88.8%
Musical unitBEAT
88.2%
What a pirate seeksLOOT
86.7%
Minnesota's state birdLOON
81.2%
Volkswagen compactGOLF
80.1%
MistakeGOOF
78.6%
Tiny car makerMINI
66.3%

Today's Daily Dose

Remove Ads.
Support Sporcle.
Get the best of Sporcle when you Go Orange. This ad-free experience offers more features, more stats, and more fun while also helping to support Sporcle. Thank you for becoming a member.

You're not logged in!

Compare scores with friends on all Sporcle quizzes.
OR
Log In

Show Comments

Extras

Top Quizzes Today


Score Distribution

Your Account Isn't Verified!

In order to create a playlist on Sporcle, you need to verify the email address you used during registration. Go to your Sporcle Settings to finish the process.

Report this User

Report this user for behavior that violates our Community Guidelines.

Details: